000 00846nam a22002297a 4500
999 _c13898
_d13898
003 AR-CdUCM
008 190416b ||||| |||| 00| 0 spa d
040 _aMUNICIPALIDAD PROVINCIAL DEL CUSCO
_cBIBLIOTECA MUNICIPAL DEL CUSCO
082 _a301.2 /
_bT77
100 _aTovar, Teresa
_94251
245 _aMovimiento Barrial :
_b Organización y unidad (1978 - 1981) /
260 _aLima :
_bAndromeda,
_c1982.
300 _a71 páginas ;
_c20 cm.
440 _aSerie B - documentos
_n5
_932504
505 _aContenido : El punto de partida -- Los esfuerzos de centralización -- Las perspectivas y retos del movimiento barrial ...
650 _aOrganización
_94866
650 _aBarrial
_932505
650 _aRetos
_926460
710 _aPrograma de capacitación popular de DESCO
_932506
942 _2ddc
_cLIBROS
945 _arah
_d16/04/2019